00393nam a22001217a 450000500170000002000230001703500130004003700130005310000140006624501180008026000500019830000230024820120413123143.0 a8178271192c500.00 aB-223782 aDPLbENG aNaidu, M. aMahatma Gandhi and Hindu-Muslim unity :bDuring transfer of power and partition of India (1944-48) /cby M. Naidu aNew DelhibManak Publications Pvt. Ltd.c2005 axv, 222p.c20 cms.